Statistics for Largest Islands of Each Country

Click here to take the quiz!

General Stats

  • This quiz has been taken 28 times
  • The average score is 38 of 175

Answer Stats

CountryLargest Island% Correct
Trinidad and TobagoTrinidad
100%
GreeceCrete
94%
Saint Kitts and NevisSaint Kitts
94%
Saint LuciaSaint Lucia
94%
Saint Vincent and the GrenadinesSaint Vincent
94%
TaiwanTaiwan
94%
BahrainBahrain
88%
United KingdomGreat Britain
88%
IcelandIceland
88%
JamaicaJamaica
88%
MadagascarMadagascar
88%
Sao Tome and PrincipeSao Tome
88%
ItalySicily
88%
Sri LankaSri Lanka
88%
AustraliaTasmania
88%
FranceCorsica
81%
CubaCuba
81%
CyprusCyprus
81%
MaltaMalta
81%
New ZealandSouth Island
81%
IndonesiaSumatra
81%
CanadaBaffin Island
75%
BarbadosBarbados
75%
DominicaDominica
75%
United StatesHawai'i
75%
SpainMallorca
75%
ThailandPhuket
75%
SingaporeSingapore
75%
ChinaHainan
69%
JapanHonshu
69%
PhilippinesLuzon
69%
MauritiusMauritius
69%
NauruNauru
69%
DenmarkZealand
69%
Antigua and BarbudaAntigua
63%
SwedenGotland
63%
GrenadaGrenada
63%
Papua New GuineaNew Britain
56%
YemenSocotra
56%
South KoreaJeju Island
50%
Equatorial GuineaBioko
38%
RussiaSakhalin
38%
NorwaySpitsbergen
38%
ComorosGrande Comore
31%
CroatiaKrk / Cres
31%
ColombiaMargarita Island
31%
Solomon IslandsGuadalcanal
25%
BahamasNorth Andros
25%
GermanyRügen
25%
ChileChiloé Island
19%
BelarusDu
19%
EcuadorIsabela Island
19%
BrazilMarajó
19%
EstoniaSaaremaa
19%
Cape VerdeSantiago
19%
MexicoTiburón Island
19%
FijiViti Levu
19%
North MacedoniaGolem Grad
13%
South AfricaMarion Island
13%
IndiaNorth Andaman Island
13%
IranQeshm
13%
PortugalSão Miguel Island
13%
TanzaniaUnguja
13%
PolandWolin
13%
IrelandAchill Island
6%
LiechtensteinChristopher Island
6%
PanamaCoiba
6%
VanuatuEspiritu Santo
6%
HaitiGonâve Island
6%
KiribatiKiritimati
6%
SeychellesMahé
6%
VenezuelaMargarita Island
6%
SloveniaMaribor Island
6%
VietnamPhú Quốc
6%
Federated States of MicronesiaPohnpei
6%
MyanmarRamree Island
6%
NigeriaRefuge Island
6%
HondurasRoatán
6%
AlbaniaSazan
6%
FinlandSoisalo
6%
Democratic Republic of the CongoSumba
6%
AngolaTigres Island
6%
TongaTongatapu
6%
United Arab EmiratesAbu Al Abyad
0%
MontenegroAda Bojana
0%
GhanaAflife
0%
TajikistanAjrosp Island
0%
QatarAl Safiyah Island
0%
IraqAl Salihiya
0%
UzbekistanAral-Paygambar
0%
SyriaArwad
0%
East TimorAtauro
0%
PalauBabeldaob
0%
MalaysiaBanggi Island
0%
ChadBapaga
0%
MaliBarbi
0%
MozambiqueBazaruto
0%
UkraineBilohrudskyi Island
0%
KuwaitBubiyan Island
0%
UgandaBugala Island
0%
LatviaBuļļu sala
0%
PakistanBundal Island
0%
LiberiaBushrod Island
0%
GuatemalaCayo Grande
0%
TunisiaChergui
0%
BotswanaChief's Island
0%
ZambiaChishi Island
0%
Czech RepublicCísařský Ostrov
0%
HungaryCsepel Island
0%
EritreaDahlak Kebir
0%
EthiopiaDek Island
0%
IsraelDor Island
0%
GambiaElephant Island
0%
Saudi ArabiaFarasan Island
0%
LibyaFarwa Island
0%
MaldivesGan
0%
NetherlandsGoeree-Overflakkee
0%
MoldovaGoian Island
0%
AlgeriaHabibas Island
0%
BangladeshHatiya Island
0%
GuyanaHogg Island
0%
NigerIbini
0%
Central African RepublicÎle Bongossoua
0%
Ivory CoastÎle Boulay
0%
BelgiumÎle de Dave
0%
TurkeyImbros
0%
Costa RicaIsla Calero
0%
ArgentinaIsla de los Estados
0%
UruguayIsla del Queguay Grande
0%
BoliviaIsla del Sol
0%
El SalvadorIsla El Espíritu Santo
0%
SerbiaIsland of Krčedin
0%
LaosKhong Island
0%
BurundiKigwa Island
0%
CambodiaKoh Kong
0%
AzerbaijanKura Island
0%
RomaniaLetea Island
0%
MalawiLikoma Island
0%
GabonMandji Island
0%
CameroonManoka
0%
OmanMasirah Island
0%
Republic of the CongoMbamu
0%
KenyaMfangano Island
0%
MoroccoMogador Island
0%
SenegalMorfil
0%
KazakhstanMorskoy Island
0%
DjiboutiMoucha Island
0%
SudanMukawwar
0%
RwandaNkombo Island
0%
ZimbabweNyamatusi Island
0%
TurkmenistanOgurja Ada
0%
NicaraguaOmetepe
0%
Guinea-BissauOrango
0%
LebanonPalm Island
0%
NamibiaPossession Island
0%
Marshall IslandsRairik
0%
LithuaniaRusnė Island
0%
SomaliaSacadin
0%
PeruSan Lorenzo Island
0%
Dominican RepublicSaona Island
0%
SamoaSavai'i
0%
SwitzerlandSchacheninseli
0%
BruneiSelirong Island
0%
EgyptShadwan Island
0%
Sierra LeoneSherbro Island
0%
North KoreaSinmi Island
0%
Bosnia and HerzegovinaŠkarina
0%
BulgariaSt. Ivan Island
0%
MauritaniaTidra
0%
GuineaTristan
0%
AfghanistanUrta Tagay
0%
TuvaluVaitupu
0%
MongoliaWooden Boy Island
0%
ParaguayYacyretá Island
0%
SlovakiaŽitný Ostrov
0%

Score Distribution

Percentile by Number Answered

Percent of People with Each Score

Your Score History

You have not taken this quiz